LEADER 01875nas 2200457- 450 001 9910313040403321 005 20241204165655.0 011 $a2588-8366 035 $a(OCoLC)1101180429 035 $a(CKB)4100000007805794 035 $a(CONSER)--2019238661 035 $a(DE-599)ZDB2982799-1 035 $a(MiFhGG)04GW 035 $a(EXLCZ)994100000007805794 100 $a20190514a20179999 --- a 101 0 $aeng 135 $aurmn||||||||| 181 $ctxt$2rdacontent 182 $cc$2rdamedia 183 $acr$2rdacarrier 200 00$aAnnals of Indian psychiatry $eofficial publication of Indian Psychiatric Society-Western Zonal Branch 210 1$a[Mumbai] :$cWolters Kluwer 215 $a1 online resource 300 $aTitle from caption, publishers journal home page (viewed August 20, 2019). 300 $aRefereed/Peer-reviewed 311 08$a2588-8358 330 $aAnnals of Indian Psychiatry, a publication of Indian Psychiatric Society - Western Zonal Branch, is a peer-reviewed print + online Semiannual journal. The journal's full text is available online at http://www.anip.co.in. The journal allows free access (Open Access) to its contents and permits authors to self-archive final accepted version of the articles on any OAI-compliant institutional / subject-based repository. 606 $aPsychiatry$vPeriodicals 606 $aPsychiatry$xResearch$vPeriodicals 606 $aPsychiatry$xResearch$2fast$3(OCoLC)fst01081179 606 $aPsychiatry$2fast$3(OCoLC)fst01081152 608 $aPeriodicals.$2fast 615 0$aPsychiatry 615 0$aPsychiatry$xResearch 615 7$aPsychiatry$xResearch. 615 7$aPsychiatry. 712 02$aIndian Psychiatric Society.$bWestern Zonal Branch, 906 $aJOURNAL 912 $a9910313040403321 996 $aAnnals of Indian psychiatry$92215858 997 $aUNINA